[Event "DRUGA LIGA SRBIJE-GRUPA VOJVODINA 2018"]
[Site "Novi Sad"]
[Date "2018.11.12"]
[Round "5"]
[Board "2"]
[White "Vujadinovic, Goran"]
[Black "Ratkovic, Miloje"]
[Result "1/2-1/2"]
[WhiteElo "2318"]
[BlackElo "2403"]
[PlyCount "27"]
[EventDate "2018.11.09"]
[EventType "team"]
[EventRounds "11"]
[EventCountry "SRB"]
[WhiteTeam "S.K. STARA PAZOVA-STARA PAZOVA"]
[BlackTeam "S.K. NAFTAGAS-ELEMIR"]

1. c4 Nf6 2. Nf3 g6 3. b3 Bg7 4. Bb2 O-O 5. g3 d6 6. d4 Nbd7 7. Bg2 Re8 8. O-O
c6 9. Re1 Qc7 10. e4 e5 11. Nc3 exd4 12. Nxd4 Nc5 13. h3 a5 14. Qc2  1/2-1/2

[Event "DRUGA LIGA SRBIJE-GRUPA VOJVODINA 2018"]
[Site "Novi Sad"]
[Date "2018.11.12"]
[Round "5"]
[Board "3"]
[White "Ratkovic, Milovan"]
[Black "Stanojevic, Branko"]
[Result "1-0"]
[WhiteElo "2411"]
[BlackElo "2180"]
[PlyCount "89"]
[EventDate "2018.11.09"]
[EventType "team"]
[EventRounds "11"]
[EventCountry "SRB"]
[WhiteTeam "S.K. NAFTAGAS-ELEMIR"]
[BlackTeam "S.K. STARA PAZOVA-STARA PAZOVA"]

1. d4 d5 2. c4 c6 3. Nc3 Nf6 4. e3 g6 5. Nf3 Bg7 6. Be2 O-O 7. O-O dxc4 8. Bxc4
Bg4 9. h3 Bxf3 10. Qxf3 e6 11. Rd1 Nd5 12. e4 Nxc3 13. bxc3 Qa5 14. e5 Nd7 15.
h4 b5 16. Bb3 Rac8 17. h5 Rfe8 18. hxg6 hxg6 19. Qh3 Rc7 20. Bd2 Qa3 21. g3 c5
22. Kg2 cxd4 23. cxd4 Qb2 24. Bb4 Qe2 25. Re1 Qd3 26. Rad1 Qf5 27. Qh4 g5 28.
Qe4 Qh7 29. Bd2 Nb6 30. Bxg5 a5 31. Qxh7+ Kxh7 32. Rc1 Rec8 33. Rh1+ Kg8 34.
Rxc7 Rxc7 35. Bd8 Rc6 36. Bd1 Nc4 37. Bf3 Rc8 38. Bg5 a4 39. Be4 Kf8 40. Rh7
Rc7 41. Bd8 Rc8 42. Bf6 Bxf6 43. exf6 Ke8 44. d5 Nd6 45. dxe6  1-0

[Event "DRUGA LIGA SRBIJE-GRUPA VOJVODINA 2018"]
[Site "Novi Sad"]
[Date "2018.11.12"]
[Round "5"]
[Board "4"]
[White "Mijatovic, Dejan"]
[Black "Popov, Sinisa S"]
[Result "1/2-1/2"]
[WhiteElo "2255"]
[BlackElo "2432"]
[PlyCount "27"]
[EventDate "2018.11.09"]
[EventType "team"]
[EventRounds "11"]
[EventCountry "SRB"]
[WhiteTeam "S.K. STARA PAZOVA-STARA PAZOVA"]
[BlackTeam "S.K. NAFTAGAS-ELEMIR"]

1. Nf3 g6 2. c4 Bg7 3. Nc3 d6 4. d4 f5 5. e4 Nf6 6. exf5 Bxf5 7. Be2 O-O 8. O-O
Nbd7 9. h3 e5 10. Be3 c6 11. dxe5 dxe5 12. Qd2 e4 13. Nd4 Qe7 14. Rad1  1/2-1/2

[Event "DRUGA LIGA SRBIJE-GRUPA VOJVODINA 2018"]
[Site "Novi Sad"]
[Date "2018.11.12"]
[Round "5"]
[Board "5"]
[White "Besedes, Danilo"]
[Black "Kovacevic, Djordje"]
[Result "1-0"]
[WhiteElo "2290"]
[BlackElo "2090"]
[PlyCount "135"]
[EventDate "2018.11.09"]
[EventType "team"]
[EventRounds "11"]
[EventCountry "SRB"]
[WhiteTeam "S.K. NAFTAGAS-ELEMIR"]
[BlackTeam "S.K. STARA PAZOVA-STARA PAZOVA"]

1. d4 Nf6 2. Nf3 e6 3. c4 d5 4. g3 c5 5. cxd5 Nxd5 6. Bg2 Nc6 7. O-O cxd4 8.
Nxd4 Nxd4 9. Qxd4 Qb6 10. Qd1 Be7 11. e4 Nb4 12. Nc3 Bd7 13. Be3 Bc5 14. Na4
Bxa4 15. Qxa4+ Nc6 16. Bxc5 Qxc5 17. Rac1 Qb6 18. e5 O-O 19. Bxc6 bxc6 20. b3
Qb5 21. Qe4 Qd5 22. Qe3 Rfd8 23. Rc2 a5 24. Rfc1 Ra6 25. Rc5 Qd7 26. Qc3 Qc7
27. Qc4 Rb6 28. Qa4 Ra6 29. b4 h5 30. Qa3 Qb7 31. bxa5 Rda8 32. R1c4 Qb1+ 33.
Kg2 Qd1 34. Qc3 Qd8 35. Ra4 Qd7 36. h3 Rb8 37. Rb4 Rba8 38. Kh2 Qc7 39. Ra4 g6
40. Qd2 Kg7 41. Qb4 Rb8 42. Qf4 Qd8 43. Rd4 Qe7 44. Rd6 Rc8 45. Qd2 Kg8 46. Qf4
Kg7 47. Qd4 Qg5 48. f4 Qf5 49. Qd3 Qxd3 50. Rxd3 Rca8 51. Ra3 Rd8 52. Kg2 Rd5
53. Rxd5 cxd5 54. Kf3 Kf8 55. Ke3 Ke7 56. Kd4 Kd7 57. Kc5 Kc7 58. Kb5 Rc6 59.
a6 Rb6+ 60. Ka5 Rb2 61. Rc3+ Kb8 62. Rb3+ Rxb3 63. axb3 Ka7 64. Kb5 d4 65. Kc4
Kxa6 66. Kxd4 Kb5 67. Kc3 Kc5 68. b4+  1-0

[Event "DRUGA LIGA SRBIJE-GRUPA VOJVODINA 2018"]
[Site "Novi Sad"]
[Date "2018.11.12"]
[Round "5"]
[Board "6"]
[White "Skoko, Milan"]
[Black "Adamov, Ivan"]
[Result "1/2-1/2"]
[WhiteElo "2164"]
[BlackElo "2126"]
[PlyCount "151"]
[EventDate "2018.11.09"]
[EventType "team"]
[EventRounds "11"]
[EventCountry "SRB"]
[WhiteTeam "S.K. STARA PAZOVA-STARA PAZOVA"]
[BlackTeam "S.K. NAFTAGAS-ELEMIR"]

1. e4 c5 2. c3 d5 3. exd5 Qxd5 4. Nf3 Nf6 5. d4 e6 6. Na3 Nc6 7. Be2 Be7 8. Nb5
Qd8 9. dxc5 Bxc5 10. Qxd8+ Kxd8 11. Bf4 Nd5 12. Bg3 Ke7 13. Rd1 Rd8 14. O-O a6
15. Nc7 Nxc7 16. Bxc7 Rd7 17. Bg3 Bd6 18. Bxd6+ Rxd6 19. Rxd6 Kxd6 20. Rd1+ Ke7
21. a4 e5 22. Nd2 Bf5 23. Rc1 Rd8 24. Nc4 Bd3 25. Bxd3 Rxd3 26. Kf1 Ke6 27. Ke2
Rd8 28. b4 e4 29. f3 Ne5 30. Nxe5 Kxe5 31. c4 f5 32. a5 exf3+ 33. gxf3 g5 34.
c5 Rd4 35. Rb1 Kd5 36. b5 Kxc5 37. bxa6 bxa6 38. Rb6 Rd6 39. Rb7 h6 40. Ke3 Rd1
41. Rb6 Rd6 42. Rb7 Rd1 43. Rb6 Rd6 44. Rb7 Re6+ 45. Kf2 f4 46. h3 Kd5 47. h4
gxh4 48. Rf7 Ke5 49. Rb7 Rc6 50. Kg2 Rc2+ 51. Kh3 Ra2 52. Kxh4 Rxa5 53. Re7+
Kf6 54. Rc7 h5 55. Rc6+ Ke5 56. Kxh5 Ra1 57. Rc4 a5 58. Kg4 Rg1+ 59. Kh4 Rg3
60. Re4+ Kf5 61. Ra4 Rxf3 62. Rxa5+ Ke4 63. Ra4+ Ke3 64. Ra3+ Kf2 65. Ra2+ Ke3
66. Ra3+ Ke4 67. Ra4+ Ke3 68. Ra3+ Kf2 69. Ra2+ Kg1 70. Kg4 Rf1 71. Ra3 Kg2 72.
Ra2+ Kg1 73. Ra3 Rf2 74. Rf3 Kg2 75. Rxf4 Rxf4+ 76. Kxf4  1/2-1/2

[Event "DRUGA LIGA SRBIJE-GRUPA VOJVODINA 2018"]
[Site "Novi Sad"]
[Date "2018.11.12"]
[Round "5"]
[Board "1"]
[White "Lorinc, Sandor"]
[Black "Nikolovski, Nikola"]
[Result "0-1"]
[WhiteElo "2157"]
[BlackElo "2380"]
[PlyCount "68"]
[EventDate "2018.11.09"]
[EventType "team"]
[EventRounds "11"]
[EventCountry "SRB"]
[WhiteTeam "S.K. SENTA-SENTA"]
[BlackTeam "Š.K. BATA  COSIC-OPOVO"]

1. d4 e6 2. Nf3 f5 3. Bf4 Nf6 4. e3 b6 5. Bd3 Bb7 6. Qe2 Be7 7. h3 d6 8. Ng5
Qc8 9. Bb5+ c6 10. Bc4 d5 11. Bd3 c5 12. dxc5 Nc6 13. cxb6 e5 14. Nc3 axb6 15.
Nb5 O-O 16. g4 exf4 17. Bxf5 Qb8 18. exf4 g6 19. Ne6 gxf5 20. g5 Ra4 21. O-O-O
Re4 22. Qd3 Nb4 23. Qg3 Nh5 24. Qf3 Rxe6 25. Qxh5 Qe8 26. g6 Rxg6 27. Rhe1 Qf7
28. a3 Nc6 29. Nc7 d4 30. Nb5 Kh8 31. Qe2 Qa2 32. Rxd4 Nxd4 33. Qxe7 Qa1+ 34.
Kd2 Qxe1+  0-1

[Event "DRUGA LIGA SRBIJE-GRUPA VOJVODINA 2018"]
[Site "Novi Sad"]
[Date "2018.11.12"]
[Round "5"]
[Board "2"]
[White "Milojevic, Dusan"]
[Black "Balla, Tamas-Kristof"]
[Result "0-1"]
[WhiteElo "2287"]
[BlackElo "2318"]
[PlyCount "100"]
[EventDate "2018.11.09"]
[EventType "team"]
[EventRounds "11"]
[EventCountry "SRB"]
[WhiteTeam "Š.K. BATA  COSIC-OPOVO"]
[BlackTeam "S.K. SENTA-SENTA"]

1. d4 g6 2. c4 Bg7 3. e4 d6 4. h3 Nd7 5. Nf3 e6 6. Nc3 Ne7 7. Bg5 h6 8. Be3 O-O
9. Qd2 Kh7 10. g4 b6 11. O-O-O Bb7 12. h4 Nf6 13. Ng5+ Kg8 14. f3 hxg5 15. hxg5
Nd7 16. Bd3 e5 17. dxe5 Nxe5 18. Be2 Qc8 19. Rdg1 Qe6 20. b3 Nxf3 21. Bxf3 Qe5
22. Kc2 Qxc3+ 23. Qxc3 Bxc3 24. Kxc3 Nc6 25. Rh6 Kg7 26. Rgh1 Rh8 27. Rxh8 Rxh8
28. Rxh8 Kxh8 29. e5 dxe5 30. Bxc6 Bxc6 31. Bf2 Kg7 32. Bh4 Bf3 33. b4 Bxg4 34.
c5 b5 35. a3 Bf3 36. Kd3 Bd5 37. Ke3 f5 38. gxf6+ Kf7 39. Bg5 Ke6 40. f7 Kxf7
41. c6 Ke6 42. Kf2 Bxc6 43. Bd8 Kd6 44. Ke3 Bd5 45. Kf2 c5 46. bxc5+ Kxc5 47.
Bg5 Kc4 48. Ke3 Kb3 49. Be7 a5 50. Bd6 g5  0-1

[Event "DRUGA LIGA SRBIJE-GRUPA VOJVODINA 2018"]
[Site "Novi Sad"]
[Date "2018.11.12"]
[Round "5"]
[Board "3"]
[White "Kopasz, Robert"]
[Black "Jovanovski, Slobodan"]
[Result "1-0"]
[WhiteElo "2320"]
[BlackElo "2330"]
[PlyCount "85"]
[EventDate "2018.11.09"]
[EventType "team"]
[EventRounds "11"]
[EventCountry "SRB"]
[WhiteTeam "S.K. SENTA-SENTA"]
[BlackTeam "Š.K. BATA  COSIC-OPOVO"]

1. c4 Nf6 2. Nc3 c5 3. g3 g6 4. Bg2 Bg7 5. e3 O-O 6. Nge2 Nc6 7. O-O d6 8. b3
Bd7 9. h3 a6 10. d4 cxd4 11. exd4 Rb8 12. d5 Na5 13. Be3 b5 14. cxb5 axb5 15.
Nd4 Qc8 16. Rc1 Qb7 17. Qd2 Rfc8 18. Nce2 b4 19. a3 Rxc1 20. Rxc1 Nxb3 21. Nxb3
bxa3 22. Na5 Qa6 23. Bd4 Ra8 24. Nc6 Kf8 25. Nc3 h5 26. Na2 Bf5 27. Qe3 Qb7 28.
Re1 Bb1 29. Ncb4 Bf5 30. Rc1 Ra4 31. Qc3 Bh6 32. Re1 Ng8 33. Kh2 Bd7 34. Ra1 h4
35. Nc6 hxg3+ 36. fxg3 Qb5 37. Nab4 a2 38. Rxa2 Rxa2 39. Nxa2 Qe2 40. Qb2 Qxb2
41. Bxb2 Nf6 42. Bxf6 exf6 43. Nc3  1-0

[Event "DRUGA LIGA SRBIJE-GRUPA VOJVODINA 2018"]
[Site "Novi Sad"]
[Date "2018.11.12"]
[Round "5"]
[Board "4"]
[White "Kosanovic, Dragan"]
[Black "Simonyi, Zoltan"]
[Result "1/2-1/2"]
[WhiteElo "2329"]
[BlackElo "2208"]
[PlyCount "84"]
[EventDate "2018.11.09"]
[EventType "team"]
[EventRounds "11"]
[EventCountry "SRB"]
[WhiteTeam "Š.K. BATA  COSIC-OPOVO"]
[BlackTeam "S.K. SENTA-SENTA"]

1. d4 Nf6 2. Nf3 e6 3. e3 b6 4. Bd3 Bb7 5. O-O Ne4 6. Nfd2 Nxd2 7. Nxd2 Be7 8.
e4 d6 9. c3 e5 10. Re1 O-O 11. a4 Nd7 12. a5 Bf6 13. Nf3 Re8 14. a6 Bc8 15. Bb5
Rb8 16. b3 Qe7 17. Ba3 Rd8 18. Qd2 Nf8 19. dxe5 Bxe5 20. Nd4 Bd7 21. Bxd7 Qxd7
22. Qd3 Ne6 23. Bc1 Re8 24. b4 c5 25. Nf3 Qe7 26. Ra2 Rbd8 27. b5 Qf6 28. c4 h6
29. Be3 Qe7 30. Rae2 Qf6 31. Rd1 Kf8 32. Bc1 Re7 33. g3 Ree8 34. Kg2 Kg8 35.
Nh4 Bd4 36. Nf5 h5 37. Qf3 Qg6 38. h3 Qh7 39. Qd3 Qg6 40. Qf3 Qh7 41. Bf4 Be5
42. Bc1 Bd4  1/2-1/2

[Event "DRUGA LIGA SRBIJE-GRUPA VOJVODINA 2018"]
[Site "Novi Sad"]
[Date "2018.11.12"]
[Round "5"]
[Board "5"]
[White "Vranic, Ljubomir"]
[Black "Mitrovic, Zivadin"]
[Result "1-0"]
[WhiteElo "2227"]
[BlackElo "2209"]
[PlyCount "71"]
[EventDate "2018.11.09"]
[EventType "team"]
[EventRounds "11"]
[EventCountry "SRB"]
[WhiteTeam "S.K. SENTA-SENTA"]
[BlackTeam "Š.K. BATA  COSIC-OPOVO"]

1. d4 e6 2. c4 d5 3. Nc3 Nf6 4. Nf3 Be7 5. Bg5 Nbd7 6. e3 dxc4 7. Bxc4 Nb6 8.
Bd3 h6 9. Bh4 Nfd5 10. Bg3 Nxc3 11. bxc3 c5 12. O-O Bd7 13. Ne5 cxd4 14. cxd4
O-O 15. Rb1 Rc8 16. Qd2 Bc6 17. Nxc6 bxc6 18. Ba6 Qd5 19. Bxc8 Rxc8 20. Rfc1 h5
21. h3 h4 22. Bh2 g5 23. Qe2 Kg7 24. f3 Qa5 25. Kh1 Qa3 26. Rf1 c5 27. dxc5
Qxc5 28. f4 Qc2 29. Qf3 Qf5 30. Qb7 Qc5 31. fxg5 Nd5 32. Be5+ Kg6 33. Bd4 Qc7
34. e4 Qxb7 35. Rxb7 Rc7 36. Rfb1  1-0

[Event "DRUGA LIGA SRBIJE-GRUPA VOJVODINA 2018"]
[Site "Novi Sad"]
[Date "2018.11.12"]
[Round "5"]
[Board "6"]
[White "Joksimovic, Dragoljub"]
[Black "Nagy, Attila N"]
[Result "0-1"]
[WhiteElo "2145"]
[BlackElo "2241"]
[PlyCount "94"]
[EventDate "2018.11.09"]
[EventType "team"]
[EventRounds "11"]
[EventCountry "SRB"]
[WhiteTeam "Š.K. BATA  COSIC-OPOVO"]
[BlackTeam "S.K. SENTA-SENTA"]

1. c4 Nf6 2. Nc3 c5 3. g3 d5 4. cxd5 Nxd5 5. Bg2 Nc7 6. Nf3 Nc6 7. O-O e5 8. d3
Be7 9. a4 O-O 10. a5 Rb8 11. h4 Ne6 12. Qa4 Ned4 13. e3 Nxf3+ 14. Bxf3 Nb4 15.
Rd1 Bd7 16. Qb3 Be6 17. Qa4 Qc8 18. Rd2 Rd8 19. Qd1 Qd7 20. Be4 f5 21. Bg2 Nxd3
22. e4 c4 23. Qh5 g6 24. Qd1 Bc5 25. exf5 Nxf2 26. Qe2 Nd3+ 27. Kh2 gxf5 28.
Qh5 Qf7 29. Qg5+ Qg6 30. Re2 Rd7 31. h5 Qxg5 32. Bxg5 Bd4 33. Rb1 Bf7 34. h6
Bh5 35. Rd2 e4 36. Ne2 Bc5 37. Nf4 Bf7 38. Bh3 Be7 39. Bxe7 Rxe7 40. Bxf5 e3
41. Rg2 Rd8 42. Rd1 Rd6 43. Bxd3 cxd3 44. Rxd3 e2 45. Rg1 Rxh6+ 46. Kg2 e1=Q
47. Rxe1 Rxe1  0-1

[Event "DRUGA LIGA SRBIJE-GRUPA VOJVODINA 2018"]
[Site "Novi Sad"]
[Date "2018.11.12"]
[Round "5"]
[Board "1"]
[White "Babic, Dusan S"]
[Black "Blagojevic, Dragisa"]
[Result "0-1"]
[WhiteElo "1830"]
[BlackElo "2494"]
[PlyCount "100"]
[EventDate "2018.11.09"]
[EventType "team"]
[EventRounds "11"]
[EventCountry "SRB"]
[WhiteTeam "S.K. BUDUCNOST-SRPSKA CRNJA"]
[BlackTeam "Š.K. MLADOST-NOVA PAZOVA"]

1. d4 d5 2. Bf4 c5 3. e3 Nc6 4. c3 Nf6 5. h3 Qb6 6. Qb3 c4 7. Qc2 Bf5 8. Qc1 e6
9. Nd2 Qd8 10. Ngf3 h6 11. Be2 Be7 12. Ne5 Nxe5 13. Bxe5 O-O 14. Bf3 Bd3 15.
Be2 Bh7 16. O-O b5 17. Bf3 Nd7 18. Bh2 f5 19. g3 Qb6 20. a3 a5 21. Bg2 b4 22.
axb4 axb4 23. Rxa8 Rxa8 24. Nxc4 Qb5 25. Nd2 Rc8 26. Nb1 Nf6 27. f3 Bg6 28. g4
Kh7 29. Bf4 Qa6 30. Rd1 Qa2 31. Bf1 Nd7 32. Bg3 Nb6 33. f4 Na4 34. gxf5 Bxf5
35. Bd3 Bxd3 36. Rxd3 Qxb2 37. Qxb2 Nxb2 38. Rd2 Nc4 39. cxb4 Nxd2 40. Nxd2
Rc1+ 41. Nf1 Bxb4 42. Kg2 Kg6 43. Nh2 Kf5 44. Kf3 h5 45. h4 Rh1 46. Kg2 Rxh2+
47. Kxh2 Bd2 48. Kg2 Ke4 49. Kf2 Bxe3+ 50. Ke2 Bxd4  0-1

[Event "DRUGA LIGA SRBIJE-GRUPA VOJVODINA 2018"]
[Site "Novi Sad"]
[Date "2018.11.12"]
[Round "5"]
[Board "2"]
[White "Vlatkovic, Sinisa"]
[Black "Obodchuk, Andrei"]
[Result "1-0"]
[WhiteElo "2283"]
[BlackElo "2319"]
[PlyCount "79"]
[EventDate "2018.11.09"]
[EventType "team"]
[EventRounds "11"]
[EventCountry "SRB"]
[WhiteTeam "Š.K. MLADOST-NOVA PAZOVA"]
[BlackTeam "S.K. BUDUCNOST-SRPSKA CRNJA"]

1. Nf3 Nf6 2. d4 g6 3. g3 Bg7 4. Bg2 O-O 5. O-O d6 6. c4 Nc6 7. b3 Bg4 8. Bb2
Qc8 9. d5 Nb8 10. Re1 Na6 11. Nbd2 e5 12. dxe6 Bxe6 13. Ng5 Bf5 14. e4 Bg4 15.
Bf3 Bd7 16. e5 Ne8 17. Bd5 dxe5 18. Bxe5 Nf6 19. Bxf6 Bxf6 20. Nde4 Bxg5 21.
Nxg5 Nb4 22. Ne4 Nxd5 23. Qxd5 Bc6 24. Nf6+ Kh8 25. Qd4 Qf5 26. g4 Qf3 27. Nd5+
f6 28. Re3 Bxd5 29. cxd5 c5 30. Qc4 b5 31. Rxf3 bxc4 32. bxc4 Rab8 33. Rb3 Rbe8
34. Rb5 Re4 35. Rxc5 Rxg4+ 36. Kh1 Rb8 37. Rc7 Rb2 38. d6 Rd4 39. c5 Rdd2 40.
Re1  1-0

[Event "DRUGA LIGA SRBIJE-GRUPA VOJVODINA 2018"]
[Site "Novi Sad"]
[Date "2018.11.12"]
[Round "5"]
[Board "3"]
[White "Nadj Hedjesi, Balind"]
[Black "Grcic, Vukasin"]
[Result "1/2-1/2"]
[WhiteElo "2276"]
[BlackElo "2174"]
[PlyCount "98"]
[EventDate "2018.11.09"]
[EventType "team"]
[EventRounds "11"]
[EventCountry "SRB"]
[WhiteTeam "S.K. BUDUCNOST-SRPSKA CRNJA"]
[BlackTeam "Š.K. MLADOST-NOVA PAZOVA"]

1. d4 d5 2. Nf3 c5 3. dxc5 e6 4. a3 Bxc5 5. b4 Be7 6. Nbd2 Nf6 7. Bb2 O-O 8. e3
b6 9. Bd3 Ba6 10. O-O Qc7 11. Rc1 Bxd3 12. cxd3 Qb7 13. Qc2 Na6 14. Qc6 Qxc6
15. Rxc6 Rfc8 16. Rfc1 Rxc6 17. Rxc6 Ne8 18. Be5 Rd8 19. Nd4 Bd6 20. f4 Nac7
21. Rc2 Kf8 22. N2f3 f6 23. Nc6 Ra8 24. Bxd6+ Nxd6 25. Ncd4 Nde8 26. Nc6 Nd6
27. Nfd4 Ke8 28. a4 Kd7 29. Kf2 Na6 30. Ke2 Nb8 31. b5 Nxc6 32. bxc6+ Ke7 33.
a5 b5 34. a6 Rb8 35. c7 Rc8 36. Nc6+ Kd7 37. Nb8+ Ke7 38. Rc5 Ne8 39. Nc6+ Kd6
40. Nxa7 Kxc5 41. Nxc8 Nxc7 42. f5 e5 43. a7 Kc6 44. a8=Q+ Nxa8 45. Kd2 Nc7 46.
Kc3 Kc5 47. d4+ exd4+ 48. exd4+ Kc6 49. Kb4 Kb7  1/2-1/2

[Event "DRUGA LIGA SRBIJE-GRUPA VOJVODINA 2018"]
[Site "Novi Sad"]
[Date "2018.11.12"]
[Round "5"]
[Board "4"]
[White "Stamenkovic, Aleksandar"]
[Black "Rikalovic, Dimitrije"]
[Result "1-0"]
[WhiteElo "2165"]
[BlackElo "2031"]
[PlyCount "95"]
[EventDate "2018.11.09"]
[EventType "team"]
[EventRounds "11"]
[EventCountry "SRB"]
[WhiteTeam "Š.K. MLADOST-NOVA PAZOVA"]
[BlackTeam "S.K. BUDUCNOST-SRPSKA CRNJA"]

1. d4 Nf6 2. Nf3 d6 3. c4 g6 4. Nc3 Bg7 5. e4 O-O 6. Be2 e5 7. O-O Nc6 8. Be3
Re8 9. d5 Nd4 10. Re1 Nxe2+ 11. Qxe2 Nh5 12. Rac1 Nf4 13. Bxf4 exf4 14. Qd2 g5
15. Nd4 Qf6 16. Ndb5 Re7 17. e5 dxe5 18. d6 cxd6 19. Nd5 Qe6 20. Nbc7 Rxc7 21.
Nxc7 Qd7 22. Nxa8 b6 23. Rcd1 Bf8 24. Rxe5 f6 25. Rd5 f3 26. Qd4 Qe7 27. Qe3
Qg7 28. Qxf3 Bb7 29. Nxb6 axb6 30. Qe3 Bxd5 31. Rxd5 Qg6 32. Qd3 Qe8 33. Qd1
Qe4 34. b3 h5 35. h3 h4 36. Rd2 d5 37. Re2 Qf4 38. Qxd5+ Kg7 39. Qd7+ Kh6 40.
Qd2 Qf5 41. Qc2 Qf4 42. Re4 Qd6 43. Qe2 Qa3 44. Qd2 Kg6 45. Re6 Kf7 46. Rxb6
Bc5 47. Rb5 Be7 48. Ra5  1-0

[Event "DRUGA LIGA SRBIJE-GRUPA VOJVODINA 2018"]
[Site "Novi Sad"]
[Date "2018.11.12"]
[Round "5"]
[Board "5"]
[White "Sukovic, Srdjan"]
[Black "Cecaric, Milan"]
[Result "1/2-1/2"]
[WhiteElo "2015"]
[BlackElo "2042"]
[PlyCount "112"]
[EventDate "2018.11.09"]
[EventType "team"]
[EventRounds "11"]
[EventCountry "SRB"]
[WhiteTeam "S.K. BUDUCNOST-SRPSKA CRNJA"]
[BlackTeam "Š.K. MLADOST-NOVA PAZOVA"]

1. e4 b6 2. d4 Bb7 3. Nc3 e6 4. a3 Nf6 5. Bd3 c5 6. Nf3 cxd4 7. Nxd4 Bc5 8. Be3
Nc6 9. Nxc6 Bxc6 10. Bxc5 bxc5 11. e5 Nd5 12. Ne4 O-O 13. Qh5 g6 14. Qh6 f5 15.
exf6 Nxf6 16. Ng5 Qe7 17. f3 Qg7 18. Qxg7+ Kxg7 19. O-O-O h6 20. Nh3 g5 21. Nf2
a5 22. h4 Rh8 23. Bf1 d5 24. Nd3 Nd7 25. f4 g4 26. h5 Kf6 27. Re1 d4 28. Ne5
Nxe5 29. Rxe5 Bd5 30. Rg1 Rab8 31. g3 Rb6 32. Bg2 Bxg2 33. Rxg2 Rc8 34. Rd2 a4
35. c3 Rb3 36. cxd4 cxd4+ 37. Kb1 Rd8 38. Ra5 Rxg3 39. Rxa4 Kf5 40. Raxd4 Rxd4
41. Rxd4 Rb3 42. Kc2 Rb8 43. b4 g3 44. Rd1 Kxf4 45. Rf1+ Ke3 46. Re1+ Kf2 47.
Rxe6 g2 48. Rf6+ Kg3 49. Rg6+ Kh2 50. Kb3 Rb5 51. Rxg2+ Kxg2 52. a4 Rxh5 53. a5
Rh1 54. Kb2 Rh4 55. Kb3 Rh1 56. Kb2 Rh4  1/2-1/2

[Event "DRUGA LIGA SRBIJE-GRUPA VOJVODINA 2018"]
[Site "Novi Sad"]
[Date "2018.11.12"]
[Round "5"]
[Board "6"]
[White "Gavric, Zivojin"]
[Black "Zarin, David"]
[Result "1-0"]
[WhiteElo "2125"]
[BlackElo "1989"]
[PlyCount "75"]
[EventDate "2018.11.09"]
[EventType "team"]
[EventRounds "11"]
[EventCountry "SRB"]
[WhiteTeam "Š.K. MLADOST-NOVA PAZOVA"]
[BlackTeam "S.K. BUDUCNOST-SRPSKA CRNJA"]

1. e4 c5 2. Nc3 Nc6 3. g3 g6 4. Bg2 Bg7 5. f4 e6 6. Nf3 d6 7. d3 Nge7 8. O-O
O-O 9. Be3 b6 10. Qd2 d5 11. exd5 exd5 12. Bf2 d4 13. Nd1 Ba6 14. Re1 Rc8 15.
g4 Qd7 16. Bh4 Nd5 17. Nf2 Ne3 18. Bh3 Rce8 19. Re2 Nb4 20. Ne1 Qc6 21. Bg3 Bb7
22. c3 Nbd5 23. c4 Nf6 24. g5 Nh5 25. Ne4 Nxg3 26. hxg3 Re7 27. Ng2 Nxc4 28.
Qc2 Nd6 29. Rae1 Rfe8 30. Nf6+ Bxf6 31. gxf6 Rxe2 32. Rxe2 Rxe2 33. Qxe2 Nf5
34. Qe5 h5 35. Kf2 Bc8 36. Ne1 Qe6 37. Nf3 Qxe5 38. fxe5  1-0

[Event "DRUGA LIGA SRBIJE-GRUPA VOJVODINA 2018"]
[Site "Novi Sad"]
[Date "2018.11.12"]
[Round "5"]
[Board "1"]
[White "Czebe, Attila"]
[Black "Pastar, Slaven"]
[Result "0-1"]
[WhiteElo "2401"]
[BlackElo "2326"]
[PlyCount "96"]
[EventDate "2018.11.09"]
[EventType "team"]
[EventRounds "11"]
[EventCountry "SRB"]
[WhiteTeam "SOMBORSKI S.K.-SOMBOR"]
[BlackTeam "S.K. KRALJICA PTT-NOVI SAD"]

1. e4 e5 2. Nf3 Nc6 3. Nc3 Nf6 4. h3 Bc5 5. Bb5 a6 6. Bxc6 dxc6 7. O-O Qd6 8.
d3 g5 9. Bxg5 Rg8 10. Kh2 Ng4+ 11. hxg4 Bxg4 12. Bh4 Qh6 13. Qe2 Be7 14. Rh1
Bxh4 15. Kg1 Qf6 16. Kf1 Bg5 17. Nd1 Rg6 18. Ne3 Bxe3 19. Qxe3 Bxf3 20. gxf3 h6
21. Ke2 b6 22. Rh5 O-O-O 23. Rah1 Rh8 24. a4 Qd6 25. b3 Kb7 26. R1h4 a5 27. f4
f6 28. fxe5 fxe5 29. Rh3 Qa3 30. Rh1 Rhg8 31. Rc1 Qb2 32. Qd2 Rg1 33. Rh1 R1g6
34. Rxh6 Rg1 35. Rh1 R1g2 36. Rhf1 c5 37. Rb1 Qd4 38. Qe3 Qc3 39. Qd2 Qd4 40.
Qe3 Qc3 41. Qd2 Qd4 42. c3 Qd7 43. Kd1 Rf8 44. Qe2 c4 45. bxc4 Qxa4+ 46. Kc1
Qa3+ 47. Qb2 Qc5 48. d4 Qxc4  0-1

[Event "DRUGA LIGA SRBIJE-GRUPA VOJVODINA 2018"]
[Site "Novi Sad"]
[Date "2018.11.12"]
[Round "5"]
[Board "2"]
[White "Banovic, Ivan"]
[Black "Gajcin, Marina"]
[Result "0-1"]
[WhiteElo "2246"]
[BlackElo "2161"]
[PlyCount "108"]
[EventDate "2018.11.09"]
[EventType "team"]
[EventRounds "11"]
[EventCountry "SRB"]
[WhiteTeam "S.K. KRALJICA PTT-NOVI SAD"]
[BlackTeam "SOMBORSKI S.K.-SOMBOR"]

1. Nf3 Nf6 2. c4 d5 3. cxd5 Nxd5 4. Nc3 Nxc3 5. dxc3 Qxd1+ 6. Kxd1 f6 7. e4 e5
8. Be3 Nd7 9. Bc4 Bc5 10. Ke2 Bxe3 11. Kxe3 Nb6 12. Bb3 a5 13. a4 Ke7 14. Nd2
Be6 15. Bxe6 Kxe6 16. b3 Rhd8 17. Rhd1 Rd6 18. Nf1 Rxd1 19. Rxd1 Nd7 20. f3 Nc5
21. Rb1 g6 22. Kd2 f5 23. exf5+ gxf5 24. Kc2 c6 25. Ne3 f4 26. Nc4 Rg8 27. Rg1
e4 28. fxe4 f3 29. g3 b5 30. axb5 cxb5 31. Nd2 f2 32. Rf1 Rf8 33. Kd1 Ke5 34.
c4 Nxe4 35. Nxe4 Kxe4 36. Ke2 bxc4 37. bxc4 a4 38. c5 a3 39. c6 Rf7 40. g4 a2
41. g5 Rf3 42. c7 Rc3 43. Kxf2 Rxc7 44. Kg3 Ra7 45. Ra1 Kf5 46. Kh4 Ra3 47. h3
Kg6 48. Kg4 Ra4+ 49. Kf3 Kxg5 50. Kg3 Ra3+ 51. Kh2 Kh4 52. Kg2 Rg3+ 53. Kf1 Ra3
54. Kg2 h5  0-1

[Event "DRUGA LIGA SRBIJE-GRUPA VOJVODINA 2018"]
[Site "Novi Sad"]
[Date "2018.11.12"]
[Round "5"]
[Board "3"]
[White "Bulajic, Ratko"]
[Black "Desnica, Vladan"]
[Result "0-1"]
[WhiteElo "2316"]
[BlackElo "2299"]
[PlyCount "76"]
[EventDate "2018.11.09"]
[EventType "team"]
[EventRounds "11"]
[EventCountry "SRB"]
[WhiteTeam "SOMBORSKI S.K.-SOMBOR"]
[BlackTeam "S.K. KRALJICA PTT-NOVI SAD"]

1. d4 Nf6 2. c4 e6 3. Nf3 c5 4. d5 b5 5. Bg5 b4 6. e4 d6 7. dxe6 Bxe6 8. Nbd2
Nc6 9. Be2 Be7 10. h3 O-O 11. O-O Re8 12. Ne1 Nd4 13. Bd3 Nd7 14. Bxe7 Qxe7 15.
f4 f6 16. Nef3 Bf7 17. Kh1 a5 18. Nxd4 cxd4 19. Nf3 Nc5 20. Re1 Bg6 21. Nxd4
Nxd3 22. Qxd3 Bxe4 23. Qd2 Qd7 24. Kh2 Rac8 25. Rac1 f5 26. Re3 Qa7 27. a3 d5
28. c5 Rxc5 29. Rxc5 Qxc5 30. Nxf5 Qf8 31. g4 Rc8 32. Rxe4 dxe4 33. axb4 Qxb4
34. Qd5+ Kh8 35. Nd4 Qd2+ 36. Kg3 Qe1+ 37. Kg2 e3 38. Kf3 Qh1+  0-1

[Event "DRUGA LIGA SRBIJE-GRUPA VOJVODINA 2018"]
[Site "Novi Sad"]
[Date "2018.11.12"]
[Round "5"]
[Board "4"]
[White "Remecki, Sinisa"]
[Black "Tancik, Kristijan"]
[Result "1/2-1/2"]
[WhiteElo "2257"]
[BlackElo "2223"]
[PlyCount "31"]
[EventDate "2018.11.09"]
[EventType "team"]
[EventRounds "11"]
[EventCountry "SRB"]
[WhiteTeam "S.K. KRALJICA PTT-NOVI SAD"]
[BlackTeam "SOMBORSKI S.K.-SOMBOR"]

1. d4 d5 2. Nc3 Nf6 3. Bg5 Nbd7 4. Qd3 c5 5. dxc5 e6 6. e4 Nxc5 7. Qd4 Ncxe4 8.
Nxe4 dxe4 9. Bb5+ Bd7 10. Bxd7+ Qxd7 11. Bxf6 gxf6 12. Qxe4 O-O-O 13. Nf3 Qb5
14. a4 Qb4+ 15. Qxb4 Bxb4+ 16. c3  1/2-1/2